Chroničeskij pijelonefrit /
| Hlavní autor: | Brod, Jan, 1912-1985 |
|---|---|
| Jazyk: | Ruština |
| Vydáno: |
Moskva : Medgiz, 1960 |
| Fyzický popis: |
163 s., příl. |
| LEADER | 00584nam a2200193 a 4500 | ||
|---|---|---|---|
| 001 | 000593134 | ||
| 003 | CZ BrMZK | ||
| 005 | 20140715142231.0 | ||
| 007 | ta | ||
| 008 | 020402s1960 ru f f rus d | ||
| 040 | |a BOA001 |b cze |c BOA001 | ||
| 100 | 1 | |a Brod, Jan, |d 1912-1985 |7 jk01013135 |4 aut | |
| 245 | 1 | 0 | |a Chroničeskij pijelonefrit / |c Jan Brod |
| 260 | |a Moskva : |b Medgiz, |c 1960 | ||
| 300 | |a 163 s., příl. | ||
| 504 | |a Obsahuje bibliografii | ||
| 910 | |a BOA001 |b 2-0454.931 | ||
| 990 | |a BK | ||
| 996 | 7 | |b 2619081059 |c 2-0454.931 |l MZK |r Sklad / do 24 hodin |n 0 |w 000593134 |u 000010 |a 1 |e BOA001 |j MZK50 |s A | |
English
Čeština 